000 00504nam a22001697a 4500
005 20230706122615.0
008 230703b |||||||| |||| 00| 0 eng d
020 _a978-93-92242-27-4
041 _aEnglish
100 _aGupta Pooja
_9180568
245 _aApplied Microbiology & Infection Control Including Safety for BSc Nursing Students
_bSemester-III
260 _bVision Health Sciences Publishers
_aPunjab
_c2023
300 _a552p
365 _b725.00
942 _cDB
999 _c166971
_d166971